Commonwealth or anarchy? : A survey of projects of peace from the sixteenth to the twentieth century /

Bibliographic Details
Main Author: Marriott, J. A. R. (John Arthur Ransome), Sir, 1859-1945
Format: Book
Language:English
Published: London : P. Allan & co. ltd., 1937.
Subjects:

MARC

Tag First Indicator Second Indicator Subfields
LEADER 00000cam a2200000 i 4500
001 in00000069056
005 20151008051356.0
008 780331s1937 enk b 00000 eng
010 |a  38011636  
035 |a (OCoLC)03765070 
035 |9 AAG7483AM 
040 |a DLC  |c LQS  |d TXA  |d UtOrBLW 
049 |a TXAM  |c [298453] 
050 0 0 |a JX1938  |b .M3 
092 |a 341.1  |b M359c 
100 1 |a Marriott, J. A. R.  |q (John Arthur Ransome),  |c Sir,  |d 1859-1945. 
245 1 0 |a Commonwealth or anarchy? :  |b A survey of projects of peace from the sixteenth to the twentieth century /  |c by Sir John A. R. Marriott. 
264 1 |a London :  |b P. Allan & co. ltd.,  |c 1937. 
300 |a 225 pages ;  |c 19 cm. 
336 |a text  |b txt  |2 rdacontent 
337 |a unmediated  |b n  |2 rdamedia 
338 |a volume  |b nc  |2 rdacarrier 
504 |a "Short list of books": pages 220-222. 
650 0 |a Peace. 
650 0 |a International law  |x History. 
999 |a MARS 
999 f f |s 01cfc5f0-7658-37fa-a802-9b81426e686b  |i 3692901c-e282-3b9a-9824-e50c3daa9c5b  |t 0 
952 f f |p ric  |a Texas A&M University  |b Rellis Campus  |c Joint Library Facility  |d Remote Storage  |t 0  |e JX1938 .M3  |h Library of Congress classification  |i unmediated -- volume  |m A14800782324 
998 f f |a JX1938 .M3  |t 0  |l Remote Storage